[Event "Memorial J.T.Jonsson (open)"]
[Site "masterchessopen.com Reykjavik (Iceland)"]
[Round "8"]
[White "Edvardsson Kristjan (ISL)"]
[Black "Steindorsson Sigurdur P (ISL)"]
[Result "1-0"]
[WhiteElo "2245"]
[BlackElo "2213"]

1.d4 Nf6 2.c4 e6 3.Nc3 Bb4 4.e3 O-O 5.Ne2 c5 6.d5 Ne4 7.Qd3 exd5 8.cxd5 f5
9.f3 Bxc3+ 10.bxc3 Nd6 11.c4 Na6 12.Nf4 b5 13.cxb5 Qf6 14.Rb1 Nc7 15.Bb2 Qe7
16.a4 Re8 17.Kf2 Bb7 18.Re1 Qf7 19.h4 Nxd5 20.Nxd5 Bxd5 21.Rd1 Ne4+ 22.Kg1 Bb3
23.fxe4 fxe4 24.Qxd7 Bxd1 25.Bc4 {#r} 1-0

[Event "It (open)"]
[Site "masterchessopen.com Rijeka (Croatia)"]
[Round "6"]
[White "Loncar Robert (CRO)"]
[Black "Palac Mladen (CRO)"]
[Result "0-1"]
[WhiteElo "2458"]
[BlackElo "2572"]

1.d4 Nf6 2.c4 e6 3.Nc3 Bb4 4.e3 O-O 5.Ne2 d5 6.a3 Be7 7.cxd5 Nxd5 8.Nxd5 exd5
9.Nf4 c6 10.Bd3 Bd6 11.g3 a5 12.Qh5 g6 13.Qf3 Qf6 14.h4 Re8 15.Bd2 h5 16.Qe2
Nd7 17.Kf1 Nb6 18.Re1 Bxf4 19.gxf4 Bf5 20.Bc1 Nc8 21.Bxf5 Qxf5 22.f3 Nd6
23.Rh2 a4 24.Kg1 Re6 25.Kh1 Qf6 26.Rg1 Nf5 27.Qf2 Rae8 28.Rg5 Nxe3 29.Re5 Nc4
{#R} 0-1

[Event "Memorial V.Liberzon (open)"]
[Site "masterchessopen.com Tel Aviv (Israel)"]
[Round "4"]
[White "Van Beek Lucien (NED)"]
[Black "Gershon Alik (ISR)"]
[Result "0-1"]
[WhiteElo "2355"]
[BlackElo "2556"]

1.d4 Nf6 2.c4 e6 3.Nc3 Bb4 4.e3 O-O 5.Ne2 d5 6.a3 Bd6 7.c5 Be7 8.b4 b6 9.Ng3
c6 10.Bd3 bxc5 11.bxc5 e5 12.f3 Nfd7 13.Nce2 Bf6 14.Qc2 g6 15.Bb2 exd4 16.exd4
Ba6 17.Bxa6 Nxa6 18.O-O Nc7 19.Nf4 Re8 20.Nd3 Ne6 21.Ne2 Ng7 22.f4 Nf5 23.Rfe1
Re4 24.Ne5 Bxe5 25.dxe5 Rc4 26.Qd1 Nxc5 27.Rb1 Ne4 28.Bc1 Qa5 29.g3 Qc5+
30.Kg2 Qf2+ 31.Kh1 Qf3+ 32.Kg1 Nf2 {#R} 0-1

[Event "Ch Europe (w)"]
[Site "masterchessopen.com Warsaw (Poland)"]
[Round "4"]
[White "Agababean Naira (MDA)"]
[Black "Tsiganova Monika (EST)"]
[Result "0-1"]
[WhiteElo "2353"]
[BlackElo "2261"]

1.d4 Nf6 2.c4 e6 3.Nc3 Bb4 4.e3 O-O 5.Ne2 d5 6.a3 Be7 7.cxd5 Nxd5 8.g3 Nxc3
9.Nxc3 c5 10.dxc5 Qxd1+ 11.Nxd1 Bxc5 12.Bg2 Nc6 13.b4 Bd6 14.Bb2 Ne5 15.Bd4 a5
16.b5 Bd7 17.a4 Nd3+ 18.Ke2 Nb4 19.Nc3 e5 20.Bb6 Bg4+ 21.f3 Be6 22.Rhd1 Be7
23.Ne4 Rfc8 24.Rd2 Nd5 25.Rxd5 Bxd5 26.Rd1 Rc2+ 27.Kf1 Bxe4 28.fxe4 Bc5
29.Bxc5 Rxc5 30.Rd7 Rc2 31.Rxb7 Rd8 32.Bf3 g6 33.b6 Rdd2 34.Ke1 Rxh2 35.Rb8+
Kg7 36.b7 Rb2 {#R} 0-1

[Event "It (young masters) (cat.9)"]
[Site "masterchessopen.com Zug (Switzerland)"]
[Round "2"]
[White "Moor Olivier (SUI)"]
[Black "Kritz Leonid (GER)"]
[Result "0-1"]
[WhiteElo "2380"]
[BlackElo "2418"]

1.d4 Nf6 2.c4 e6 3.Nc3 Bb4 4.e3 O-O 5.Ne2 d5 6.a3 Be7 7.Nf4 c6 8.Bd3 Nbd7
9.cxd5 Nxd5 10.Nfe2 Nxc3 11.bxc3 c5 12.O-O b6 13.e4 cxd4 14.cxd4 e5 15.Bb2
exd4 16.Nxd4 Nc5 17.Bb5 Bf6 18.Re1 Qd6 19.Bc6 Bb7 20.Bd5 Bxd5 21.Nb5 Qc6
22.exd5 Qxb5 23.Bxf6 gxf6 24.Qg4+ Kh8 25.Qf5 Rg8 26.Qxf6+ Rg7 27.Re7 Kg8 28.d6
Rf8 29.Rd1 Nd7 30.Qf3 Rd8 31.Qb7 Nf8 32.Qc7 Qb3 33.Rde1 Qd5 {#R} 0-1

[Event "Ch Europe (blitz) (w)"]
[Site "masterchessopen.com Antalya (Turkey)"]
[Round "10"]
[White "Javakhishvili Lela (GEO)"]
[Black "Alexandrova Olga (ESP)"]
[Result "1-0"]
[WhiteElo "2300"]
[BlackElo "2462"]

1.d4 Nf6 2.c4 e6 3.Nc3 Bb4 4.e3 O-O 5.Ne2 d5 6.a3 Be7 7.Ng3 dxc4 8.Bxc4 c5
9.O-O Nc6 10.dxc5 Bxc5 11.b4 Be7 12.Bb2 a6 13.Nce4 b5 14.Bb3 Nxe4 15.Nxe4 Qb6
16.Rc1 a5 17.Qg4 e5 18.Qh5 axb4 19.axb4 g6 20.Qh6 Bf5 21.Rxc6 Qb8 22.Ng5 Bxg5
23.Qxg5 Kg7 24.Qf6+ Kg8 25.Bxe5 {#r} 1-0

[Event "It (open)"]
[Site "masterchessopen.com Bad Wildbad (Germany)"]
[Round "2"]
[White "Braun Karl-Heinz (AUT)"]
[Black "Delchev Aleksander (BUL)"]
[Result "0-1"]
[WhiteElo "2117"]
[BlackElo "2583"]

1.d4 Nf6 2.c4 e6 3.Nc3 Bb4 4.e3 O-O 5.Ne2 d5 6.a3 Be7 7.c5 b6 8.b4 bxc5 9.bxc5
Ba6 10.g3 Qd7 11.Bg2 Nc6 12.O-O Rab8 13.Re1 Bc4 14.Rb1 Na5 15.Rxb8 Rxb8 16.e4
dxe4 17.Nxe4 Rd8 18.Be3 e5 19.Nxf6+ Bxf6 20.d5 Bxd5 21.Bxd5 Qxd5 22.Qa4 Nc6
23.Nc3 Qd7 24.Rd1 Qe6 25.Rxd8+ Bxd8 26.Nb5 a5 27.Bd2 Qe7 28.Bxa5 Nxa5 {#R} 0-1

[Event "It (open)"]
[Site "masterchessopen.com Bad Woerishofen (Germany)"]
[Round "5"]
[White "Ballon Guenther Jan (NED)"]
[Black "Domanski Markus (GER)"]
[Result "1-0"]
[WhiteElo "2219"]
[BlackElo "2107"]

1.d4 Nf6 2.c4 e6 3.Nc3 Bb4 4.e3 O-O 5.Ne2 d5 6.a3 Bd6 7.Ng3 dxc4 8.Bxc4 c6
9.O-O e5 10.d5 cxd5 11.Nxd5 Nxd5 12.Bxd5 Nc6 13.b4 Ne7 14.Bb3 Ng6 15.Bb2 Qe7
16.Qf3 Nh4 17.Qe4 Kh8 18.Rad1 Bc7 19.Rc1 Bb8 20.Rfd1 f5 21.Qc4 h6 22.b5 Qg5
23.Qc5 Ng6 24.Qxf8+ Nxf8 25.Rxc8 f4 26.Rxf8+ Kh7 27.Bc2+ {#r} 1-0

[Event "Olympiad"]
[Site "masterchessopen.com Bled (Slovenia)"]
[Round "4"]
[White "Graf Alexander (GER)"]
[Black "Xu Jun (CHN)"]
[Result "1-0"]
[WhiteElo "2630"]
[BlackElo "2626"]

1.d4 Nf6 2.c4 e6 3.Nc3 Bb4 4.e3 O-O 5.Ne2 d5 6.a3 Be7 7.cxd5 Nxd5 8.Bd2 Nf6
9.g3 Nbd7 10.Bg2 c6 11.Qc2 e5 12.Rd1 exd4 13.Nxd4 Nb6 14.h3 Nfd5 15.O-O Bf6
16.Nce2 a5 17.e4 Ne7 18.Be3 Nd7 19.f4 Bxd4 20.Nxd4 a4 21.e5 Qa5 22.Nf3 Re8
23.Ng5 Nf8 24.Qf2 Nd5 25.Bc5 Ne6 26.Nxe6 Bxe6 27.f5 Bd7 28.Rde1 Qc7 29.e6 Bc8
30.exf7+ Qxf7 31.Rxe8+ Qxe8 32.Re1 Qd8 33.Bxd5+ cxd5 34.Re7 Qf8 35.Qd4 {#r}
1-0

[Event "It (cat.2) (a)"]
[Site "masterchessopen.com Budapest (Hungary)"]
[Round "2"]
[White "Suranyi Pal (HUN)"]
[Black "Tanaka Yuuki (JPN)"]
[Result "1-0"]
[WhiteElo "2184"]
[BlackElo "2198"]

1.d4 Nf6 2.c4 e6 3.Nc3 Bb4 4.e3 O-O 5.Ne2 d5 6.a3 Be7 7.Ng3 c5 8.dxc5 Bxc5
9.Be2 a5 10.O-O Nc6 11.Qc2 Qe7 12.cxd5 exd5 13.Nh5 Nxh5 14.Nxd5 Qd6 15.Rd1 g6
16.Bxh5 gxh5 17.b4 Bd4 18.Nb6 Qf6 19.exd4 Nxd4 20.Qe4 Bg4 21.Nd5 Ne2+ 22.Qxe2
Qxa1 23.Ne7+ Kh8 24.Bb2+ f6 25.f3 {#r} 1-0

[Event "Tournament (Elo)"]
[Site "masterchessopen.com Budapest (Hungary)"]
[Round "2"]
[White "Simakov V (RUS)"]
[Black "Bacsi Andras (HUN)"]
[Result "1-0"]
[WhiteElo "2286"]
[BlackElo "2075"]

1.d4 Nf6 2.c4 e6 3.Nc3 Bb4 4.e3 O-O 5.Ne2 d5 6.a3 Be7 7.cxd5 exd5 8.Nf4 b6
9.Bd3 Bb7 10.O-O Nbd7 11.b4 Re8 12.Bb2 Nf8 13.Qb3 Ng6 14.Nxg6 hxg6 15.Rac1 Qd7
16.Qa4 c5 17.Bb5 Qd6 18.Bxe8 Rxe8 19.bxc5 bxc5 20.dxc5 Qxc5 21.Ne4 {#r} 1-0

[Event "It (open)"]
[Site "masterchessopen.com Coria del Rio (Spain)"]
[Round "3"]
[White "Vela Ignacio Jose Manuel (ESP)"]
[Black "Martin Vazquez Jose M (ESP)"]
[Result "0-1"]
[WhiteElo "2059"]
[BlackElo "2218"]

1.d4 Nf6 2.c4 e6 3.Nc3 Bb4 4.e3 O-O 5.Qc2 c5 6.a3 Bxc3+ 7.bxc3 d6 8.Bd3 e5
9.Ne2 Nc6 10.O-O Re8 11.f3 b6 12.e4 h6 13.Bb2 Na5 14.Ng3 Be6 15.d5 Bc8 16.f4
Ng4 17.h3 Ne3 18.Qe2 Nxf1 19.Rxf1 exf4 20.Rxf4 Re5 21.Qf2 f6 22.Bc1 a6 23.Rf3
Ra7 24.Bf4 Re8 25.Bxh6 gxh6 26.Nh5 f5 27.Rg3+ Kh8 28.Qf4 Rh7 29.Rg6 Rf8 30.e5
Qe8 31.Rxh6 Qxe5 32.Qg5 Nb7 33.Qg6 Rf7 34.Rxh7+ Rxh7 35.Nf6 Qe3+ 36.Kh1 Qe1+
{#R} 0-1

[Event "It (open)"]
[Site "masterchessopen.com Dresden (Germany)"]
[Round "5"]
[White "Graf Alexander (GER)"]
[Black "Farago Ivan (HUN)"]
[Result "1-0"]
[WhiteElo "2630"]
[BlackElo "2483"]

1.d4 Nf6 2.c4 e6 3.Nc3 Bb4 4.e3 O-O 5.Ne2 d5 6.a3 Be7 7.cxd5 exd5 8.b4 c6
9.Ng3 Re8 10.Bd3 Nbd7 11.O-O Bd6 12.Bd2 Nf8 13.f3 Ne6 14.Nce2 b6 15.Bc3 c5
16.Qd2 cxd4 17.Nxd4 Nxd4 18.Bxd4 Be5 19.Qb2 Bxd4 20.Qxd4 Qe7 21.Kf2 Bd7
22.Rfc1 Rac8 23.Ba6 Rxc1 24.Rxc1 Qd6 25.Qf4 Re5 26.Bc8 g6 27.Bxd7 Nxd7 28.Rc8+
Nf8 29.Nf5 {#r} 1-0

[Event "Ch England (team) 2002/03 (2 div)"]
[Site "masterchessopen.com England"]
[Round "2"]
[White "Poulton James (ENG)"]
[Black "Berry Stephen (ENG)"]
[Result "1-0"]
[WhiteElo "2375"]
[BlackElo "2335"]

1.d4 Nf6 2.c4 e6 3.Nc3 Bb4 4.e3 O-O 5.Ne2 d5 6.a3 Be7 7.cxd5 Nxd5 8.g3 b6
9.Bg2 Bb7 10.Nxd5 Bxd5 11.e4 Bb7 12.O-O Nd7 13.Qa4 c5 14.Rd1 Qc8 15.d5 exd5
16.exd5 Bf6 17.Bh3 Rd8 18.Nc3 a6 19.Ne4 b5 20.Nxf6+ {#r} 1-0

[Event "Cup European Club (final)"]
[Site "masterchessopen.com Halkidiki (Greece)"]
[Round "3"]
[White "Banikas Hristos (GRE)"]
[Black "Kovacevic Aleksandar (SRB)"]
[Result "1-0"]
[WhiteElo "2515"]
[BlackElo "2543"]

1.d4 Nf6 2.c4 e6 3.Nc3 Bb4 4.e3 O-O 5.Ne2 d5 6.a3 Be7 7.Nf4 dxc4 8.Bxc4 c5
9.O-O Nc6 10.d5 exd5 11.Nfxd5 Nxd5 12.Bxd5 Qd6 13.e4 Be6 14.Be3 Rad8 15.Qa4
Rd7 16.Rad1 Rfd8 17.f4 Bxd5 18.Nxd5 Bf8 19.f5 Qb8 20.f6 g6 21.Bf4 Qc8 22.Rfe1
Re8 23.b4 cxb4 24.axb4 Nxb4 25.Ne7+ Bxe7 26.Rxd7 Bf8 27.Rc7 Qe6 28.Qd7 Qxf6
29.Qxe8 Qxf4 30.Rc8 Qh6 31.e5 Nd3 32.e6 {#r} 1-0

[Event "It (cat.4)"]
[Site "masterchessopen.com Helsinki (Finland)"]
[Round "11"]
[White "Sakalauskas Vaidas (LTU)"]
[Black "Nyysti Sampsa (FIN)"]
[Result "1-0"]
[WhiteElo "2466"]
[BlackElo "2443"]

1.d4 Nf6 2.c4 e6 3.Nc3 Bb4 4.e3 O-O 5.Ne2 Re8 6.a3 Bf8 7.Ng3 d5 8.cxd5 exd5
9.Bd3 b6 10.O-O c5 11.Nh5 Bb7 12.Bb5 Re6 13.Nxf6+ Rxf6 14.dxc5 Bxc5 15.e4 Rg6
16.exd5 Bd6 17.Qh5 Nd7 18.Bd3 Nf6 19.Qf3 Rg4 20.Ne4 h5 21.h3 Nxe4 22.hxg4 Qh4
23.g3 Bxg3 24.fxg3 Nxg3 25.Qxf7+ Kh8 26.Qf8+ {#r} 1-0

[Event "It (open)"]
[Site "masterchessopen.com Kavala (Greece)"]
[Round "3"]
[White "Nikolaidis Konstantinos (GRE)"]
[Black "Hellsten Johan (SWE)"]
[Result "0-1"]
[WhiteElo "2315"]
[BlackElo "2488"]

1.d4 Nf6 2.c4 e6 3.Nc3 Bb4 4.e3 O-O 5.Ne2 d5 6.a3 Bd6 7.Ng3 c5 8.cxd5 cxd4
9.exd4 exd5 10.Be2 Nc6 11.O-O Re8 12.Bf3 Be6 13.Be3 Rc8 14.Rc1 h6 15.Re1 Na5
16.Rc2 Bxg3 17.hxg3 Bf5 18.Rce2 Nc4 19.Bc1 Rxe2 20.Rxe2 Qd7 21.Qe1 Bg4 22.Re7
Qc6 23.Bxg4 Nxg4 24.Qd1 Nf6 25.Qb3 Re8 26.Rxe8+ Qxe8 27.Kf1 Ne4 28.Qc2 Qc6
29.Ke1 Nxa3 30.Qb3 Nxc3 31.bxa3 Ne4 32.Be3 a5 {#R} 0-1

[Event "Ch Ukraine (juniors) (under 20) (1/2 final)"]
[Site "masterchessopen.com Kiev (Ukraine)"]
[Round "1"]
[White "Garifulin Alexander (UKR)"]
[Black "Nazarevich Vitaly (UKR)"]
[Result "1-0"]
[WhiteElo "2270"]
[BlackElo "2334"]

1.d4 Nf6 2.c4 e6 3.Nc3 Bb4 4.e3 O-O 5.Ne2 d5 6.a3 Be7 7.cxd5 exd5 8.g3 c6
9.Bg2 a5 10.O-O Na6 11.Nf4 Nc7 12.Qc2 Nce8 13.Rd1 g6 14.f3 Ng7 15.e4 dxe4
16.fxe4 Bg4 17.Rd3 Re8 18.h3 Bd7 19.Be3 Nfh5 20.Nxh5 Nxh5 21.g4 Ng7 22.Rf1 h5
23.Qe2 hxg4 24.hxg4 Qc8 25.Bf3 Ne6 26.e5 Kg7 27.Qf2 Rf8 28.d5 cxd5 29.Nxd5 Bd8
30.Nf6 Bxf6 31.exf6+ Kg8 32.Qh4 Bb5 33.Rf2 g5 34.Qh3 Nf4 35.Qh6 {#r} 1-0

[Event "It (open)"]
[Site "masterchessopen.com Metz (France)"]
[Round "2"]
[White "Bagaturov Giorgi (GEO)"]
[Black "Vaillant Stephane (FRA)"]
[Result "1-0"]
[WhiteElo "2439"]
[BlackElo "2062"]

1.d4 e6 2.c4 Nf6 3.Nc3 Bb4 4.e3 O-O 5.Ne2 d5 6.a3 Be7 7.cxd5 exd5 8.Ng3 c6
9.Bd3 Re8 10.O-O Nbd7 11.b4 a5 12.b5 c5 13.dxc5 Nxc5 14.Bb2 Bg4 15.Be2 Bxe2
16.Ncxe2 Qd7 17.Nd4 Nfe4 18.Ndf5 Bf8 19.Bxg7 Bxg7 20.Qg4 f6 21.Nh5 Ne6
22.Nfxg7 Kh8 23.Nxe8 Rxe8 24.Rad1 {#r} 1-0

[Event "It (open)"]
[Site "masterchessopen.com Nova Gorica (Slovenia)"]
[Round "2"]
[White "Nedimovic Ljubisa (SLO)"]
[Black "Farago Ivan (HUN)"]
[Result "0-1"]
[WhiteElo "2169"]
[BlackElo "2483"]

1.d4 Nf6 2.c4 e6 3.Nc3 Bb4 4.e3 O-O 5.Ne2 d5 6.a3 Be7 7.cxd5 exd5 8.b4 Nbd7
9.Ng3 Nb6 10.Bd3 c6 11.O-O Re8 12.Qc2 Bd6 13.Nf5 Bxf5 14.Bxf5 Nc4 15.b5 g6
16.Bh3 Qc7 17.g3 a6 18.bxc6 Qxc6 19.Na4 Ne4 20.Bg2 Rac8 21.Bxe4 dxe4 22.Qb3 b5
23.Nb2 Na5 24.Qd1 Qc2 25.Qxc2 Rxc2 {#R} 0-1

[Event "Ch Russia (1/2 final)"]
[Site "masterchessopen.com Novosibirsk (Russia)"]
[Round "1"]
[White "Cherniaev Alexander (RUS)"]
[Black "Gutov Andrey (RUS)"]
[Result "1-0"]
[WhiteElo "2228"]
[BlackElo "2366"]

1.d4 Nf6 2.c4 e6 3.Nc3 Bb4 4.e3 O-O 5.Ne2 d5 6.a3 Bd6 7.c5 Be7 8.b4 c6 9.Bb2
b6 10.g3 Ba6 11.Bg2 Nbd7 12.O-O bxc5 13.dxc5 e5 14.Qc2 e4 15.Rfd1 Qc7 16.Nf4
Bc4 17.Nxe4 a5 18.Nd2 Ba6 19.e4 dxe4 20.Nxe4 Rfd8 21.Nd6 Nf8 22.Nf5 Rxd1+
23.Rxd1 axb4 24.axb4 Bb5 25.Re1 Ne6 26.Nxe6 fxe6 27.Rxe6 Bd8 28.Nd6 Ba4 29.Qc4
Kh8 30.Re8+ {#r} 1-0

[Event "It (cat.3)"]
[Site "masterchessopen.com Pinamar (Argentina)"]
[Round "4"]
[White "Tabak Francisco (AUT)"]
[Black "Crosa Martin (URU)"]
[Result "0-1"]
[WhiteElo "2096"]
[BlackElo "2446"]

1.d4 Nf6 2.c4 e6 3.Nc3 Bb4 4.e3 O-O 5.Ne2 d5 6.a3 Be7 7.Nf4 Re8 8.Be2 Bd6 9.b3
dxc4 10.bxc4 c5 11.dxc5 Bxc5 12.Bb2 Nc6 13.O-O Bd7 14.Qc2 Qe7 15.Nd3 Bd6
16.Nb5 Bb8 17.a4 Ne4 18.Ba3 Qg5 19.Bf3 Qf5 20.Nc5 Qe5 21.g3 Nxc5 22.Rfd1 Rd8
23.Nd4 Bc7 24.Rab1 Nxd4 25.exd4 Qf6 26.Bg2 Bxa4 {#R} 0-1

[Event "It (open)"]
[Site "masterchessopen.com Poio (Spain)"]
[Round "2"]
[White "Cebrian Ramos Jose Luis (ESP)"]
[Black "Pilgaard Kim (DEN)"]
[Result "0-1"]
[WhiteElo "2098"]
[BlackElo "2437"]

1.d4 Nf6 2.c4 e6 3.Nc3 Bb4 4.e3 O-O 5.Ne2 d5 6.a3 Be7 7.cxd5 exd5 8.Ng3 Re8
9.Bd3 g6 10.O-O Bf8 11.Bd2 Nbd7 12.b4 a6 13.Qb3 Nb6 14.Na4 Nc4 15.Bxc4 dxc4
16.Qxc4 b5 17.Qc2 bxa4 18.Qxa4 Bb7 19.Qb3 Ng4 20.h3 Nf6 21.Rfd1 Bd6 22.Nf1 Ne4
23.Be1 Ng5 24.f3 Nxf3+ 25.gxf3 Bxf3 26.Bg3 Qg5 27.Kf2 Qf5 28.e4 Bxe4+ 29.Kg1
Qxh3 {#R} 0-1

[Event "It (open)"]
[Site "masterchessopen.com Singapore"]
[Round "2"]
[White "Wee Zhen-Yang (SIN)"]
[Black "Gokhale Chandrashekhar (IND)"]
[Result "0-1"]
[WhiteElo "2099"]
[BlackElo "2374"]

1.d4 Nf6 2.c4 e6 3.Nc3 Bb4 4.e3 O-O 5.Ne2 d5 6.a3 Bd6 7.Ng3 c6 8.Bd3 Re8
9.cxd5 exd5 10.O-O Nbd7 11.Qc2 g6 12.Bd2 Ng4 13.e4 Qh4 14.h3 Nxf2 15.Rxf2 Qxg3
16.e5 Nxe5 17.dxe5 Bxe5 18.Re1 Qh2+ 19.Kf1 Bxh3 20.Be4 Qh1+ 21.Ke2 Bg4+ 22.Ke3
Qh6+ 23.Kd3 dxe4+ 24.Rxe4 Red8+ 25.Kc4 Be6+ {#R} 0-1

[Event "Cup Russia (open)"]
[Site "masterchessopen.com Tomsk (Russia)"]
[Round "3"]
[White "Belozerov Andrei (RUS)"]
[Black "Driamin Dmitry (RUS)"]
[Result "1-0"]
[WhiteElo "2526"]
[BlackElo "2413"]

1.d4 Nf6 2.c4 e6 3.Nc3 Bb4 4.e3 O-O 5.Ne2 b6 6.a3 Be7 7.e4 Ba6 8.Ng3 d5 9.e5
Ne8 10.cxd5 Bxf1 11.Kxf1 exd5 12.Nf5 f6 13.Nxd5 Nc6 14.Qa4 {#r} 1-0

[Event "It (open)"]
[Site "masterchessopen.com Nyiregyhaza (Hungary)"]
[Date "2002.07.03"]
[Round "5"]
[White "Bodrogi Laszlo (HUN)"]
[Black "Goreskul Alyona (UKR)"]
[Result "0-1"]
[WhiteElo "2088"]
[BlackElo "2209"]

1.d4 Nf6 2.c4 e6 3.Nc3 Bb4 4.e3 O-O 5.Ne2 b6 6.a3 Bxc3+ 7.Nxc3 Bb7 8.d5 d6
9.Be2 Nbd7 10.O-O a5 11.b3 Re8 12.Bb2 Nf8 13.Bf3 e5 14.Qc2 Ng6 15.g3 Bc8 16.b4
Bh3 17.Rfc1 Nd7 18.Na4 axb4 19.axb4 f5 20.c5 e4 21.Be2 bxc5 22.Bb5 Rb8 23.Bxd7
Qxd7 24.bxc5 Ne5 25.f4 exf3 26.cxd6 cxd6 27.Qc7 Qxc7 28.Rxc7 Nd3 29.Rxg7+ Kf8
30.Rxh7 f2+ 31.Kh1 Ne1 {#R} 0-1

[Event "It (open)"]
[Site "masterchessopen.com Bad Wiessee (Germany)"]
[Date "2002.10.27"]
[Round "2"]
[White "Van Den Bersselaar Jeroen (NED)"]
[Black "Szabo Zsolt Jozsef (HUN)"]
[Result "0-1"]
[WhiteElo "2157"]
[BlackElo "2451"]

1.d4 Nf6 2.c4 e6 3.Nc3 Bb4 4.e3 O-O 5.Ne2 d5 6.a3 Be7 7.cxd5 exd5 8.b4 c6
9.Ng3 b5 10.Bd2 Re8 11.Qb3 Nbd7 12.a4 bxa4 13.Qxa4 Nb6 14.Qa5 Bd6 15.Na4 Bc7
16.Nc5 h5 17.Bd3 h4 18.Ne2 h3 19.gxh3 Bxh3 20.b5 Ng4 21.Na6 Bd6 22.Ng3 Qf6
23.Nf5 Nxf2 24.Kxf2 Bxf5 {#R} 0-1

[Event "It (open)"]
[Site "masterchessopen.com Banyoles (Spain)"]
[Round "4"]
[White "Gonzalez Manchon Juan Miguel (ESP)"]
[Black "Fluvia Jordi (ESP)"]
[Result "1-0"]
[WhiteElo "2094"]
[BlackElo "2394"]

1.d4 Nf6 2.c4 e6 3.Nc3 Bb4 4.e3 O-O 5.Ne2 d5 6.a3 Be7 7.Ng3 b6 8.cxd5 exd5
9.Bd3 c5 10.O-O g6 11.e4 c4 12.Be2 dxe4 13.Bh6 Re8 14.Bxc4 Bb7 15.Qb3 Nc6
16.Bxf7+ Kh8 17.Bxe8 Qxe8 18.Rad1 Na5 19.Qe6 Bc8 20.Qa2 Ba6 21.Rfe1 Bc4 22.Qb1
Bd3 23.Rxd3 exd3 24.Bg5 Qf7 25.Rxe7 Qxe7 26.Nd5 Qe6 27.Nc7 Qc4 28.Bxf6+ Kg8
29.Nxa8 Nb3 30.Qe1 Qf7 31.Ne4 Qe6 32.Kf1 Qc6 33.Qc3 Qxe4 34.Qxb3+ Kf8 35.Qd1
{#r} 1-0

[Event "It (open)"]
[Site "masterchessopen.com Belgrade (Yugoslavia)"]
[Round "9"]
[White "Ivanovic Nikola (SRB)"]
[Black "Popovic Predrag (SRB)"]
[Result "1-0"]
[WhiteElo "2216"]
[BlackElo "2108"]

1.d4 Nf6 2.c4 e6 3.Nc3 Bb4 4.e3 O-O 5.Ne2 c5 6.a3 Bxc3+ 7.Nxc3 d6 8.Be2 Nc6
9.O-O e5 10.dxe5 dxe5 11.Qc2 Be6 12.Rd1 Qc8 13.Nd5 Rd8 14.Bf3 Kh8 15.b3 Ne8
16.Bb2 Nd6 17.Rd2 f6 18.Rad1 Nf7 19.h4 Bg4 20.Bxg4 Qxg4 21.g3 Rd6 22.b4 cxb4
23.axb4 Rad8 24.b5 Na5 25.c5 Rc8 26.e4 Re6 27.Ne3 Qg6 28.Rd7 Ree8 29.Nf5 Qh5
30.Qa4 b6 31.Qa2 Rf8 32.c6 Qe2 33.Qd5 h6 34.Ba3 Nc4 35.Bxf8 Rxf8 36.c7 {#r}
1-0

[Event "It (open)"]
[Site "masterchessopen.com Benidorm (Spain)"]
[Round "6"]
[White "Rupel David G (USA)"]
[Black "Serra Olives Tomas (ESP)"]
[Result "0-1"]
[WhiteElo "2085"]
[BlackElo "2200"]

1.d4 Nf6 2.c4 e6 3.Nc3 Bb4 4.e3 O-O 5.Ne2 b6 6.a3 Be7 7.Nf4 Bb7 8.d5 e5 9.Nh5
d6 10.Bd3 Nxh5 11.Qxh5 g6 12.Qe2 f5 13.f4 Nd7 14.b4 exf4 15.exf4 Bf6 16.Qd2
Re8+ 17.Be2 a5 18.Bb2 axb4 19.axb4 Rxa1+ 20.Bxa1 Qe7 21.Kf2 c5 22.Nb5 cxb4
23.Bf3 Bxa1 24.Rxa1 Nc5 25.Nd4 Ba6 26.Ne6 Bxc4 27.Qd4 b5 28.Kg3 Nb3 29.Qb2
Nxa1 30.Qxa1 b3 31.Qd4 Ra8 32.h4 h5 33.Kh3 {#R} 0-1

[Event "Memorial Schneider (cat.4)"]
[Site "masterchessopen.com Budapest (Hungary)"]
[Round "11"]
[White "Poulsen Martin (FAI)"]
[Black "Szilagyi Peter (HUN)"]
[Result "0-1"]
[WhiteElo "2292"]
[BlackElo "2399"]

1.d4 Nf6 2.c4 e6 3.Nc3 Bb4 4.e3 O-O 5.Ne2 d5 6.a3 Be7 7.Nf4 c6 8.c5 b6 9.b4 a5
10.Bd2 Nbd7 11.Nd3 Ne4 12.Nxe4 dxe4 13.Nb2 e5 14.Nc4 exd4 15.exd4 Bf6 16.Bf4
axb4 17.axb4 Rxa1 18.Qxa1 bxc5 19.bxc5 Nxc5 20.Bd6 Nb3 21.Qa4 Nxd4 22.Bxf8
Nf3+ 23.gxf3 Bc3+ 24.Ke2 Qd3# 0-1

[Event "Moravian League 2002/03 (1st)"]
[Site "masterchessopen.com Czech Republic"]
[Round "11"]
[White "Berezjuk Sergej (CZE)"]
[Black "Vyskocil Neklan (CZE)"]
[Result "1-0"]
[WhiteElo "2381"]
[BlackElo "2300"]

1.d4 Nf6 2.c4 e6 3.Nc3 Bb4 4.e3 O-O 5.Ne2 d5 6.a3 Be7 7.cxd5 exd5 8.g3 c6
9.Bg2 Bf5 10.O-O Nbd7 11.f3 Nb6 12.e4 dxe4 13.fxe4 Bg4 14.h3 Be6 15.b3 a5
16.Nf4 Bd7 17.Be3 Rc8 18.e5 Nfd5 19.Ncxd5 Nxd5 20.Nxd5 cxd5 21.Bxd5 Bxh3
22.Bxf7+ Kh8 23.Qh5 Bxf1 24.Bg6 h6 25.Bxh6 {#r} 1-0